|
|
|
|
| LEADER |
00000cam a2200000 a 4500 |
| 001 |
vtls009769845 |
| 003 |
SK-MaSNL |
| 005 |
20260302010339.0 |
| 008 |
251029s1979 xr e f 000 0 cze |
| 035 |
|
|
|a (SVKBBclas03)vtls000138584
|
| 035 |
|
|
|a urn:nbn:sk:snk-amjw9z
|
| 035 |
|
|
|a urn:nbn:sk:snk-am0080zt
|
| 035 |
|
|
|a 2EBAEC53-53B3-463E-B2EC-9582601A49D2
|
| 040 |
|
|
|a SNK
|b slo
|c SNK
|e AACR2
|
| 041 |
0 |
|
|a cze
|
| 044 |
|
|
|a xr
|c CZ
|
| 080 |
|
|
|a 34:331
|2 1981
|
| 080 |
|
|
|a 502.34
|2 1981
|
| 080 |
|
|
|a 347.23
|2 1981
|
| 080 |
|
|
|a 001.89
|2 1981
|
| 100 |
1 |
|
|a Tkáč, Vojtech,
|d 1949-
|4 aut
|9 201800
|
| 245 |
1 |
0 |
|a Právo a zavádění nové techniky do praxe
|c Vojtech Tkáč, Zdenko Kordík, Bohuslav Vencálek
|
| 260 |
|
|
|a Praha
|b Československá vědeckotechnická společnost
|c 1979
|
| 300 |
|
|
|a 115 s.
|b sch.
|c 4°
|
| 490 |
1 |
|
|a Stavba strojů
|v 63
|
| 650 |
0 |
7 |
|a technický rozvoj
|2 SNKPH
|9 3987
|
| 655 |
|
7 |
|a právne predpisy
|2 SNKPH
|9 70481
|
| 655 |
|
7 |
|a príručky
|2 SNKPH
|9 74364
|
| 700 |
1 |
|
|a Kordík, Zdenko,
|4 aut
|9 272152
|
| 700 |
1 |
|
|a Vencálek, Bohuslav.
|4 aut
|9 649064
|
| 830 |
|
0 |
|a Stavba strojů
|9 385473
|
| 852 |
|
|
|a Slovenská národná knižnica
|
| 958 |
|
|
|a OND
|
| 999 |
|
|
|c 1002778
|d 1004708
|
| 952 |
|
|
|a SNK
|b SNK
|y PREZ
|7 0
|p 17A0972744
|o snkSB 29054
|i snkKIP 170/80
|0 0
|1 0
|4 0
|d 2014-09-22
|f 1
|l 0
|r 2025-04-03 00:00:00
|w 2026-02-24
|